Cities in Stockholm metro area - Statistics

General Stats
  • This quiz has been taken 39 times
  • The average score is 14 of 26
Answers on the Map
Answers color-coded by a green-red scale on the quiz's map according to % correct below.
 
Answer Stats
Answer % Correct
Stockholm
94%
Solna
75%
Södertälje
72%
Huddinge
66%
Lidingö
66%
Nacka
66%
Norrtälje
63%
Värmdö
59%
Botkyrka
56%
Ekerö
56%
Vallentuna
56%
Sollentuna
53%
Upplands Väsby
53%
Danderyd
50%
Haninge
50%
Nynäshamn
50%
Sigtuna
50%
Sundbyberg
50%
Täby
47%
Tyresö
47%
Vaxholm
47%
Nykvarn
44%
Salem
44%
Österåker
41%
Upplands Bro
41%
Järfälla
38%
No matching quizzes found
Score Distribution
Percent of People with Each Score
Percentile by Number Answered
Your Score History
You have not taken this quiz